|
|
|
|
| LEADER |
00000cam a2200000 7i4500 |
| 001 |
0000004076 |
| 005 |
20160419.0 |
| 020 |
0 |
0 |
|a 9789670622309
|
| 090 |
0 |
0 |
|a 214.55146 HUT
|
| 245 |
1 |
0 |
|a Ekosistem hutan dan Al-Quran
|c Mohd Arip Kasmo...[etl]
|
| 260 |
0 |
0 |
|a Kepong, Selangor :
|b FRIM ,
|c 2015
|
| 300 |
|
|
|a vii, 113p. :
|b ill. ;
|c 21cm.
|
| 650 |
0 |
0 |
|a Quran and sciences
|
| 650 |
0 |
0 |
|a Quran---Evidences authority
|
| 700 |
0 |
1 |
|a Abdul Latiff Mahmood
|
| 700 |
0 |
1 |
|a Mohd Noor Mahat
|
| 998 |
|
|
|a JPSM
|
| 999 |
|
|
|a 007930
|b Monograph
|c Open Shelf
|e Default branch
|
| 999 |
|
|
|a 007931
|b Monograph
|c Open Shelf
|e Default branch
|
| 999 |
|
|
|a 007932
|b Monograph
|c Open Shelf
|e Default branch
|